[Event "23rd ETCC Women 2021"]
[Site "Catez"]
[Date "2021.11.13"]
[Round "2.43"]
[White "Stoeri, Laura"]
[Black "Janzelj, Lara"]
[Result "0-1"]
[WhiteElo "2130"]
[BlackElo "2150"]
[Annotator "NA"]
[PlyCount "90"]
[EventDate "2021.11.08"]
[EventType "team-tourn"]
[EventCountry "SLO"]
[SourceTitle "playchess.com"]
[Source "ChessBase"]
[SourceQuality "1"]
[WhiteTeam "Switzerland"]
[BlackTeam "Slovenia"]
[WhiteTeamCountry "SUI"]
[BlackTeamCountry "SLO"]
[TimeControl "40/5400+30:1800+30"]

1. e4 {[%emt 0:00:03]} e5 {[%emt 0:00:07]} 2. Nf3 {[%emt 0:00:08]} Nc6 {
[%emt 0:00:05]} 3. Bb5 {[%emt 0:00:05]} a6 {[%emt 0:00:06]} 4. Ba4 {[%emt 0:00:
04]} Nf6 {[%emt 0:00:07]} 5. O-O {[%emt 0:03:51]} b5 {[%emt 0:01:35]} 6. Bb3 {
[%emt 0:00:51]} Be7 {[%emt 0:00:18]} 7. d3 {[%emt 0:05:38]} d6 {[%emt 0:00:50]}
8. a4 {[%emt 0:03:04]} Rb8 {[%emt 0:01:43]} 9. h3 {[%emt 0:02:00]} O-O {
[%emt 0:00:24]} 10. axb5 {[%emt 0:11:57]} axb5 {[%emt 0:00:11]} 11. c3 {
[%emt 0:04:18]} d5 {[%emt 0:11:32]} 12. Nbd2 {[%emt 0:06:28]} Re8 {[%emt 0:07:
13]} 13. Re1 {[%emt 0:05:14]} Bf8 {[%emt 0:01:14]} 14. Nf1 {[%emt 0:11:38]} h6
{[%emt 0:03:23]} 15. Bd2 {[%emt 0:11:04]} Be6 {[%emt 0:02:08]} 16. Ra6 {
[%emt 0:03:35]} Qd7 {[%emt 0:03:37]} 17. Ng3 {[%emt 0:05:36]} Bd6 {[%emt 0:10:
56]} 18. Nh4 {[%emt 0:06:26]} Ne7 {[%emt 0:04:18]} 19. Qe2 {[%emt 0:06:37]}
Red8 {[%emt 0:09:27]} 20. Bc1 {[%emt 0:03:48]} c5 {[%emt 0:08:43]} 21. Bc2 {
[%emt 0:00:13]} d4 {[%emt 0:05:26]} 22. Qf3 {[%emt 0:00:22]} Nh7 {[%emt 0:01:
21]} 23. Nh5 {[%emt 0:05:11]} Ng6 {[%emt 0:04:02]} 24. Nf5 {[%emt 0:00:58]} Bf8
{[%emt 0:00:09]} 25. g4 {[%emt 0:00:48]} Qb7 {[%emt 0:04:36]} 26. Ra1 {[%emt 0:
00:05]} Ra8 {[%emt 0:01:02]} 27. Rxa8 {[%emt 0:00:07]} Rxa8 {[%emt 0:00:01]}
28. Kh2 {[%emt 0:00:01]} dxc3 {[%emt 0:01:33]} 29. bxc3 {[%emt 0:00:02]} Ra1 {
[%emt 0:00:51]} 30. Rg1 {[%emt 0:00:17]} b4 {[%emt 0:00:26]} 31. cxb4 {[%emt 0:
03:33]} cxb4 {[%emt 0:00:19]} 32. Be3 {[%emt 0:00:07]} Rxg1 {[%emt 0:00:55]}
33. Kxg1 {[%emt 0:00:01]} b3 {[%emt 0:00:07]} 34. Bb1 {[%emt 0:00:03]} Ng5 {
[%emt 0:02:27]} 35. Qg3 {[%emt 0:01:19]} Qa6 {[%emt 0:01:45]} 36. Kh2 {[%emt 0:
01:26]} Qa1 {[%emt 0:00:14]} 37. Bxg5 {[%emt 0:00:04]} Qxb1 {[%emt 0:03:50]}
38. Bxh6 {[%emt 0:01:53]} gxh6 {[%emt 0:00:19]} 39. g5 {[%emt 0:00:26]} Qd1 {
[%emt 0:00:59]} 40. Nf6+ {[%emt 0:00:20]} Kh8 {[%emt 0:00:05]} 41. Ng4 {
[%emt 0:08:57]} b2 {[%emt 0:05:43]} 42. Nxe5 {[%emt 0:01:02]} b1=Q {[%emt 0:01:
45]} 43. Nxg6+ {[%emt 0:03:05]} fxg6 {[%emt 0:00:35]} 44. Qe5+ {[%emt 0:00:09]}
Kh7 {[%emt 0:00:07]} 45. Qc7+ {[%emt 0:00:27]} Kg8 {[%emt 0:00:10]} 0-1

[Event "23rd ETCC Women 2021"]
[Site "Catez"]
[Date "2021.11.13"]
[Round "2.44"]
[White "Krivec, Jana"]
[Black "De Seroux, Camille"]
[Result "0-1"]
[WhiteElo "2227"]
[BlackElo "2125"]
[Annotator "NA"]
[PlyCount "66"]
[EventDate "2021.11.08"]
[EventType "team-tourn"]
[EventCountry "SLO"]
[SourceTitle "playchess.com"]
[Source "ChessBase"]
[SourceQuality "1"]
[WhiteTeam "Slovenia"]
[BlackTeam "Switzerland"]
[WhiteTeamCountry "SLO"]
[BlackTeamCountry "SUI"]
[TimeControl "40/5400+30:1800+30"]

1. e4 {[%emt 0:00:03]} c5 {[%emt 0:00:04]} 2. d3 {[%emt 0:00:05]} Nc6 {[%emt 0:
01:47]} 3. f4 {[%emt 0:01:36]} g6 {[%emt 0:03:31]} 4. g3 {[%emt 0:00:17]} Bg7 {
[%emt 0:01:07]} 5. Bg2 {[%emt 0:00:17]} e6 {[%emt 0:05:04]} 6. Nf3 {[%emt 0:00:
26]} Nge7 {[%emt 0:00:15]} 7. O-O {[%emt 0:01:32]} O-O {[%emt 0:00:15]} 8. c3 {
[%emt 0:00:35]} d6 {[%emt 0:03:47]} 9. Be3 {[%emt 0:00:51]} b6 {[%emt 0:09:37]}
10. Bf2 {[%emt 0:00:44]} Ba6 {[%emt 0:05:21]} 11. Re1 {[%emt 0:00:15]} Rc8 {
[%emt 0:01:29]} 12. Na3 {[%emt 0:08:53]} b5 {[%emt 0:05:09]} 13. Nc2 {[%emt 0:
07:50]} b4 {[%emt 0:10:10]} 14. cxb4 {[%emt 0:01:43]} Rb8 {[%emt 0:06:52]} 15.
d4 {[%emt 0:25:33]} cxd4 {[%emt 0:02:18]} 16. Nfxd4 {[%emt 0:05:19]} Nxb4 {
[%emt 0:01:42]} 17. Nxb4 {[%emt 0:00:17]} Rxb4 {[%emt 0:00:09]} 18. Rb1 {
[%emt 0:01:44]} Qb8 {[%emt 0:14:30]} 19. b3 {[%emt 0:08:10]} Rc8 {[%emt 0:00:
42]} 20. Qd2 {[%emt 0:06:48]} Rb7 {[%emt 0:04:35]} 21. Qa5 {[%emt 0:07:44]} Rb6
{[%emt 0:03:56]} 22. Rbc1 {[%emt 0:11:19]} Nc6 {[%emt 0:01:47]} 23. Nxc6 {
[%emt 0:00:44]} Rbxc6 {[%emt 0:00:12]} 24. Rxc6 {[%emt 0:00:05]} Rxc6 {[%emt 0:
00:07]} 25. e5 {[%emt 0:02:37]} d5 {[%emt 0:03:23]} 26. Bf1 {[%emt 0:02:26]}
Bxf1 {[%emt 0:02:41]} 27. Rxf1 {[%emt 0:00:25]} a6 {[%emt 0:01:37]} 28. b4 {
[%emt 0:02:11]} Bf8 {[%emt 0:02:10]} 29. Rb1 {[%emt 0:00:30]} Qc8 {[%emt 0:05:
28]} 30. a4 {[%emt 0:02:54]} Rc2 {[%emt 0:02:41]} 31. Qb6 {[%emt 0:00:42]} Ra2
{[%emt 0:01:57]} 32. a5 {[%emt 0:00:05]} Qc4 {[%emt 0:00:51]} 33. Qd8 {[%emt 0:
00:57]} Rxf2 {[%emt 0:00:57]} 0-1

[Event "23rd ETCC Women 2021"]
[Site "Catez"]
[Date "2021.11.13"]
[Round "2.45"]
[White "Pilsova, Karolina"]
[Black "Cvitan, Ena"]
[Result "0-1"]
[WhiteElo "2281"]
[BlackElo "2234"]
[Annotator "NA"]
[PlyCount "130"]
[EventDate "2021.11.08"]
[EventType "team-tourn"]
[EventCountry "SLO"]
[SourceTitle "playchess.com"]
[Source "ChessBase"]
[SourceQuality "1"]
[WhiteTeam "Czech Republic"]
[BlackTeam "Croatia"]
[WhiteTeamCountry "CZE"]
[BlackTeamCountry "CRO"]
[TimeControl "40/5400+30:1800+30"]

1. c4 {[%emt 0:00:04]} e6 {[%emt 0:02:51]} 2. Nf3 {[%emt 0:00:37]} d5 {[%emt 0:
00:06]} 3. e3 {[%emt 0:00:14]} Nf6 {[%emt 0:01:44]} 4. Nc3 {[%emt 0:00:28]} a6
{[%emt 0:00:12]} 5. b3 {[%emt 0:01:36]} c5 {[%emt 0:06:00]} 6. cxd5 {[%emt 0:
00:51]} exd5 {[%emt 0:00:34]} 7. d4 {[%emt 0:02:44]} Nc6 {[%emt 0:04:15]} 8.
Bb2 {[%emt 0:03:22]} Bg4 {[%emt 0:07:14]} 9. Be2 {[%emt 0:00:12]} Bxf3 {
[%emt 0:02:43]} 10. Bxf3 {[%emt 0:00:21]} cxd4 {[%emt 0:00:04]} 11. exd4 {
[%emt 0:01:19]} Bb4 {[%emt 0:04:35]} 12. O-O {[%emt 0:02:19]} Bxc3 {[%emt 0:04:
01]} 13. Bxc3 {[%emt 0:00:13]} O-O {[%emt 0:00:07]} 14. Qd3 {[%emt 0:08:45]}
Qd7 {[%emt 0:02:06]} 15. Bd2 {[%emt 0:20:34]} Ne4 {[%emt 0:05:21]} 16. g3 {
[%emt 0:13:36]} Qf5 {[%emt 0:09:49]} 17. Bg2 {[%emt 0:01:27]} Qf6 {[%emt 0:06:
05]} 18. Be3 {[%emt 0:03:01]} Nb4 {[%emt 0:04:18]} 19. Qe2 {[%emt 0:02:54]} Nc6
{[%emt 0:04:10]} 20. Qd3 {[%emt 0:02:15]} Nb4 {[%emt 0:00:49]} 21. Qe2 {
[%emt 0:00:13]} Nc6 {[%emt 0:00:05]} 22. Qb2 {[%emt 0:01:51]} Rac8 {[%emt 0:07:
32]} 23. a3 {[%emt 0:07:56]} Rfe8 {[%emt 0:03:27]} 24. Rac1 {[%emt 0:00:58]} h5
{[%emt 0:02:10]} 25. Rfd1 {[%emt 0:04:50]} h4 {[%emt 0:00:56]} 26. Bf4 {
[%emt 0:02:34]} g5 {[%emt 0:01:25]} 27. Be5 {[%emt 0:02:58]} Nxe5 {[%emt 0:00:
55]} 28. Rxc8 {[%emt 0:01:44]} Nf3+ {[%emt 0:00:34]} 29. Bxf3 {[%emt 0:00:10]}
Rxc8 {[%emt 0:00:08]} 30. Bg2 {[%emt 0:04:28]} Kg7 {[%emt 0:00:41]} 31. Re1 {
[%emt 0:01:13]} Re8 {[%emt 0:06:19]} 32. f3 {[%emt 0:03:13]} Nd6 {[%emt 0:00:
11]} 33. Re5 {[%emt 0:00:10]} Qg6 {[%emt 0:04:31]} 34. Qc1 {[%emt 0:03:04]}
Rxe5 {[%emt 0:03:05]} 35. dxe5 {[%emt 0:00:02]} Nf5 {[%emt 0:00:52]} 36. Qc5 {
[%emt 0:02:52]} hxg3 {[%emt 0:01:28]} 37. hxg3 {[%emt 0:01:11]} Nxg3 {[%emt 0:
00:17]} 38. Qd6 {[%emt 0:02:15]} Ne2+ {[%emt 0:04:26]} 39. Kf2 {[%emt 0:00:11]}
Nf4 {[%emt 0:00:20]} 40. Bf1 {[%emt 0:01:07]} Qxd6 {[%emt 0:01:54]} 41. exd6 {
[%emt 0:30:03]} Kf6 {[%emt 0:30:33]} 42. a4 {[%emt 0:00:00]} Ke6 {[%emt 0:00:
00]} 43. b4 {[%emt 0:00:00]} Kxd6 {[%emt 0:00:00]} 44. a5 {[%emt 0:00:00]} d4 {
[%emt 0:00:00]} 45. Bc4 {[%emt 0:00:00]} f6 {[%emt 0:00:00]} 46. Ke1 {[%emt 0:
00:00]} Nd5 {[%emt 0:00:00]} 47. b5 {[%emt 0:00:00]} axb5 {[%emt 0:00:00]} 48.
Bxb5 {[%emt 0:00:00]} Nb4 {[%emt 0:00:00]} 49. Kd2 {[%emt 0:00:00]} Kc5 {
[%emt 0:00:00]} 50. Bf1 {[%emt 0:00:00]} Nc6 {[%emt 0:00:00]} 51. a6 {[%emt 0:
00:00]} bxa6 {[%emt 0:00:00]} 52. Bxa6 {[%emt 0:00:00]} Ne5 {[%emt 0:00:00]}
53. Bb7 {[%emt 0:00:00]} Kc4 {[%emt 0:00:00]} 54. Ba6+ {[%emt 0:00:00]} Kd5 {
[%emt 0:00:00]} 55. Bb7+ {[%emt 0:00:00]} Ke6 {[%emt 0:00:00]} 56. Bc8+ {
[%emt 0:00:00]} Kf7 {[%emt 0:00:00]} 57. Ke2 {[%emt 0:00:00]} Kg6 {[%emt 0:00:
00]} 58. Kf2 {[%emt 0:00:00]} Nd3+ {[%emt 0:00:00]} 59. Ke2 {[%emt 0:00:00]}
Nf4+ {[%emt 0:00:00]} 60. Kf2 {[%emt 0:00:00]} Kf7 {[%emt 0:00:00]} 61. Kg3 {
[%emt 0:00:00]} d3 {[%emt 0:00:00]} 62. Ba6 {[%emt 0:00:00]} d2 {[%emt 0:00:00]
} 63. Bc4+ {[%emt 0:00:00]} Ke7 {[%emt 0:00:00]} 64. Bb3 {[%emt 0:00:00]} Ne2+
{[%emt 0:00:00]} 65. Kf2 {[%emt 0:00:00]} Nc3 {[%emt 0:00:00]} 0-1

[Event "23rd ETCC Women 2021"]
[Site "Catez"]
[Date "2021.11.13"]
[Round "2.46"]
[White "Medic, Mirjana"]
[Black "Petrova, Kristyna"]
[Result "0-1"]
[WhiteElo "2196"]
[BlackElo "2275"]
[Annotator "NA"]
[PlyCount "92"]
[EventDate "2021.11.08"]
[EventType "team-tourn"]
[EventCountry "SLO"]
[SourceTitle "playchess.com"]
[Source "ChessBase"]
[SourceQuality "1"]
[WhiteTeam "Croatia"]
[BlackTeam "Czech Republic"]
[WhiteTeamCountry "CRO"]
[BlackTeamCountry "CZE"]
[TimeControl "40/5400+30:1800+30"]

1. d4 {[%emt 0:00:32]} Nf6 {[%emt 0:00:05]} 2. Nf3 {[%emt 0:00:18]} c5 {
[%emt 0:00:15]} 3. e3 {[%emt 0:00:41]} cxd4 {[%emt 0:00:16]} 4. exd4 {[%emt 0:
00:04]} d5 {[%emt 0:00:10]} 5. Bd3 {[%emt 0:00:36]} Bg4 {[%emt 0:00:32]} 6. O-O
{[%emt 0:01:22]} Nc6 {[%emt 0:00:29]} 7. c3 {[%emt 0:00:43]} e6 {[%emt 0:00:30]
} 8. Bg5 {[%emt 0:02:05]} Bd6 {[%emt 0:01:44]} 9. Nbd2 {[%emt 0:02:39]} Qc7 {
[%emt 0:02:59]} 10. h3 {[%emt 0:07:04]} Bh5 {[%emt 0:00:30]} 11. Rc1 {[%emt 0:
11:07]} Bg6 {[%emt 0:23:55]} 12. Bxg6 {[%emt 0:07:30]} hxg6 {[%emt 0:00:12]}
13. c4 {[%emt 0:02:21]} Rh5 {[%emt 0:09:13]} 14. Bxf6 {[%emt 0:04:49]} gxf6 {
[%emt 0:00:09]} 15. cxd5 {[%emt 0:00:09]} Rxd5 {[%emt 0:08:21]} 16. Ne4 {
[%emt 0:03:54]} Be7 {[%emt 0:00:29]} 17. Nc3 {[%emt 0:02:11]} Rd7 {[%emt 0:00:
40]} 18. Qd2 {[%emt 0:11:50]} Qa5 {[%emt 0:30:34]} 19. Qe3 {[%emt 0:08:30]} Nb4
{[%emt 0:03:59]} 20. a3 {[%emt 0:06:31]} Nd5 {[%emt 0:00:06]} 21. Nxd5 {
[%emt 0:02:32]} Qxd5 {[%emt 0:01:56]} 22. Rc2 {[%emt 0:02:03]} Kf8 {[%emt 0:00:
46]} 23. Rfc1 {[%emt 0:00:31]} Kg7 {[%emt 0:00:19]} 24. Qf4 {[%emt 0:04:47]}
Rad8 {[%emt 0:02:23]} 25. Rc4 {[%emt 0:00:37]} Bd6 {[%emt 0:01:39]} 26. Qe3 {
[%emt 0:00:17]} Qf5 {[%emt 0:00:52]} 27. Qe2 {[%emt 0:01:51]} Rh8 {[%emt 0:01:
31]} 28. R4c3 {[%emt 0:03:12]} g5 {[%emt 0:01:00]} 29. Nh2 {[%emt 0:03:32]}
Bxh2+ {[%emt 0:01:28]} 30. Kxh2 {[%emt 0:00:07]} Rxd4 {[%emt 0:00:02]} 31. Kg1
{[%emt 0:01:17]} Rhd8 {[%emt 0:00:25]} 32. Rb3 {[%emt 0:04:02]} Qf4 {[%emt 0:
02:49]} 33. Re1 {[%emt 0:00:19]} b6 {[%emt 0:00:27]} 34. g3 {[%emt 0:02:53]}
Qf5 {[%emt 0:00:32]} 35. g4 {[%emt 0:00:55]} Qd5 {[%emt 0:00:58]} 36. Rb5 {
[%emt 0:01:09]} Qc6 {[%emt 0:01:22]} 37. Rb3 {[%emt 0:01:36]} Rd2 {[%emt 0:00:
28]} 38. Qe3 {[%emt 0:01:43]} Qd5 {[%emt 0:02:41]} 39. a4 {[%emt 0:00:55]} Qa5
{[%emt 0:01:37]} 40. Qc3 {[%emt 0:00:42]} Qxa4 {[%emt 0:00:56]} 41. Ra3 {
[%emt 0:02:33]} Qf4 {[%emt 0:01:28]} 42. Qe3 {[%emt 0:01:08]} Rd1 {[%emt 0:10:
29]} 43. Kg2 {[%emt 0:02:53]} Qc7 {[%emt 0:02:50]} 44. Rxd1 {[%emt 0:01:15]}
Rxd1 {[%emt 0:00:07]} 45. Qe4 {[%emt 0:01:41]} Qd7 {[%emt 0:02:32]} 46. Rf3 {
[%emt 0:00:54]} Qb5 {[%emt 0:00:44]} 0-1

[Event "23rd ETCC Women 2021"]
[Site "Catez"]
[Date "2021.11.13"]
[Round "2.47"]
[White "Richterova, Natasa"]
[Black "Berke, Ana"]
[Result "1/2-1/2"]
[WhiteElo "2185"]
[BlackElo "2135"]
[Annotator "RC"]
[PlyCount "181"]
[EventDate "2021.11.08"]
[EventType "team-tourn"]
[EventCountry "SLO"]
[SourceTitle "playchess.com"]
[Source "ChessBase"]
[SourceQuality "1"]
[WhiteTeam "Czech Republic"]
[BlackTeam "Croatia"]
[WhiteTeamCountry "CZE"]
[BlackTeamCountry "CRO"]
[TimeControl "40/5400+30:1800+30"]

1. Nf3 {[%emt 0:00:10]} c5 {[%emt 0:00:58]} 2. c4 {[%emt 0:00:14]} Nc6 {
[%emt 0:00:22]} 3. Nc3 {[%emt 0:00:26]} e5 {[%emt 0:00:49]} 4. e3 {[%emt 0:00:
35]} Nf6 {[%emt 0:00:38]} 5. d4 {[%emt 0:00:36]} cxd4 {[%emt 0:00:17]} 6. exd4
{[%emt 0:00:05]} e4 {[%emt 0:00:15]} 7. Ne5 {[%emt 0:00:06]} Bb4 {[%emt 0:01:
28]} 8. Be2 {[%emt 0:00:28]} Qa5 {[%emt 0:00:22]} 9. Nxc6 {[%emt 0:01:13]} dxc6
{[%emt 0:00:07]} 10. O-O {[%emt 0:03:12]} O-O {[%emt 0:01:38]} 11. Bd2 {
[%emt 0:00:23]} h5 {[%emt 0:04:43]} 12. a3 {[%emt 0:01:10]} Bxc3 {[%emt 0:00:
33]} 13. Bxc3 {[%emt 0:00:14]} Qg5 {[%emt 0:00:51]} 14. Qc1 {[%emt 0:00:31]}
Qg6 {[%emt 0:02:08]} 15. Qf4 {[%emt 0:03:08]} Bg4 {[%emt 0:03:36]} 16. Rfe1 {
[%emt 0:03:48]} Bxe2 {[%emt 0:06:17]} 17. Rxe2 {[%emt 0:00:10]} Rad8 {[%emt 0:
02:08]} 18. h3 {[%emt 0:11:03]} Rfe8 {[%emt 0:16:05]} 19. Rae1 {[%emt 0:00:09]}
Kh7 {[%emt 0:06:13]} 20. Re3 {[%emt 0:03:14]} Qh6 {[%emt 0:03:57]} 21. Qf5+ {
[%emt 0:06:26]} Qg6 {[%emt 0:04:02]} 22. Qf4 {[%emt 0:15:38]} Qh6 {[%emt 0:00:
47]} 23. Qc7 {[%emt 0:02:46]} Rd7 {[%emt 0:04:00]} 24. Qa5 {[%emt 0:00:05]} b6
{[%emt 0:07:32]} 25. Qf5+ {[%emt 0:09:44]} Qg6 {[%emt 0:01:09]} 26. Qf4 {
[%emt 0:00:05]} Qh6 {[%emt 0:01:00]} 27. Qf5+ {[%emt 0:15:33]} Qg6 {[%emt 0:01:
19]} 28. Qf4 {[%emt 0:01:01]} Qh6 {[%emt 0:00:45]} 29. Qxh6+ {[%emt 0:03:17]}
Kxh6 {[%emt 0:00:39]} 30. f3 {[%emt 0:00:11]} Rde7 {[%emt 0:01:48]} 31. Kf2 {
[%emt 0:02:41]} h4 {[%emt 0:03:42]} 32. d5 {[%emt 0:10:21]} cxd5 {[%emt 0:03:
09]} 33. Bxf6 {[%emt 0:00:08]} gxf6 {[%emt 0:00:23]} 34. cxd5 {[%emt 0:00:02]}
f5 {[%emt 0:03:08]} 35. fxe4 {[%emt 0:00:28]} fxe4 {[%emt 0:02:16]} 36. d6 {
[%emt 0:00:09]} Re6 {[%emt 0:02:43]} 37. d7 {[%emt 0:00:05]} Rd8 {[%emt 0:00:
42]} 38. Rxe4 {[%emt 0:00:14]} Rf6+ {[%emt 0:01:01]} 39. Kg1 {[%emt 0:00:21]}
Rxd7 {[%emt 0:00:40]} 40. Rxh4+ {[%emt 0:00:04]} Kg7 {[%emt 0:00:45]} 41. Re2 {
[%emt 0:31:21]} Rd1+ {[%emt 0:34:51]} 42. Kh2 {[%emt 0:00:49]} Rf5 {[%emt 0:08:
37]} 43. Rg4+ {[%emt 0:02:11]} Kf6 {[%emt 0:00:00]} 44. Rc4 {[%emt 0:00:00]}
Rd6 {[%emt 0:00:00]} 45. Rc3 {[%emt 0:00:00]} Kg6 {[%emt 0:00:00]} 46. Rg3+ {
[%emt 0:00:00]} Kf6 {[%emt 0:00:00]} 47. Rc2 {[%emt 0:00:00]} Re6 {[%emt 0:00:
00]} 48. Rb3 {[%emt 0:00:00]} Kg6 {[%emt 0:00:00]} 49. Rc7 {[%emt 0:00:00]} a5
{[%emt 0:00:00]} 50. Rb7 {[%emt 0:00:00]} Rff6 {[%emt 0:00:00]} 51. Rg3+ {
[%emt 0:00:00]} Kh7 {[%emt 0:00:00]} 52. b3 {[%emt 0:00:00]} Re5 {[%emt 0:00:
00]} 53. a4 {[%emt 0:00:00]} Re4 {[%emt 0:00:00]} 54. Rd7 {[%emt 0:00:00]} Re5
{[%emt 0:00:00]} 55. Rgd3 {[%emt 0:00:00]} Ree6 {[%emt 0:00:00]} 56. R7d5 {
[%emt 0:00:00]} Kg7 {[%emt 0:02:17]} 57. h4 {[%emt 0:00:00]} Kh6 {[%emt 0:04:
07]} 58. Kh3 {[%emt 0:00:00]} Kg7 {[%emt 0:00:51]} 59. Rg3+ {[%emt 0:00:00]}
Kf8 {[%emt 0:00:40]} 60. Rd8+ {[%emt 0:00:41]} Ke7 {[%emt 0:00:26]} 61. Rgd3 {
[%emt 0:00:22]} Rc6 {[%emt 0:00:39]} 62. R8d4 {[%emt 0:03:48]} Rf5 {[%emt 0:01:
08]} 63. g4 {[%emt 0:01:36]} Rf1 {[%emt 0:00:39]} 64. g5 {[%emt 0:01:47]} Kf8 {
[%emt 0:01:43]} 65. Kg4 {[%emt 0:01:26]} Kg7 {[%emt 0:00:16]} 66. Rd6 {[%emt 0:
01:12]} Rg1+ {[%emt 0:00:29]} 67. Kf4 {[%emt 0:00:17]} Rf1+ {[%emt 0:00:26]}
68. Ke4 {[%emt 0:01:49]} Re1+ {[%emt 0:00:28]} 69. Kf3 {[%emt 0:00:26]} Rf1+ {
[%emt 0:00:16]} 70. Kg2 {[%emt 0:00:52]} Rcc1 {[%emt 0:01:17]} 71. Rxb6 {
[%emt 0:01:06]} Rh1 {[%emt 0:00:00]} 72. Kg3 {[%emt 0:04:04]} Rcg1+ {[%emt 0:
00:22]} 73. Kf2 {[%emt 0:00:00]} Rf1+ {[%emt 0:00:19]} 74. Ke2 {[%emt 0:00:13]}
Re1+ {[%emt 0:00:25]} 75. Kd2 {[%emt 0:00:00]} Rd1+ {[%emt 0:00:24]} 76. Kc3 {
[%emt 0:00:38]} Rc1+ {[%emt 0:00:13]} 77. Kd2 {[%emt 0:00:24]} Rcd1+ {[%emt 0:
00:25]} 78. Kc3 {[%emt 0:01:49]} Rc1+ {[%emt 0:00:07]} 79. Kd4 {[%emt 0:01:18]}
Rxh4+ {[%emt 0:00:14]} 80. Kd5 {[%emt 0:00:04]} Rg4 {[%emt 0:01:41]} 81. Rb5 {
[%emt 0:00:11]} Rxg5+ {[%emt 0:00:17]} 82. Kd6 {[%emt 0:00:05]} Rg6+ {[%emt 0:
00:18]} 83. Kd5 {[%emt 0:00:33]} Rg5+ {[%emt 0:00:24]} 84. Kd6 {[%emt 0:00:07]}
Rg6+ {[%emt 0:00:05]} 85. Kd7 {[%emt 0:00:39]} Ra6 {[%emt 0:00:37]} 86. Rg3+ {
[%emt 0:02:06]} Kf6 {[%emt 0:00:47]} 87. Rf3+ {[%emt 0:00:00]} Kg6 {[%emt 0:00:
18]} 88. Rg3+ {[%emt 0:01:23]} Kf6 {[%emt 0:00:07]} 89. Rf3+ {[%emt 0:00:07]}
Kg6 {[%emt 0:00:04]} 90. Rd5 {[%emt 0:00:38]} Ra7+ {[%emt 0:01:20]} 91. Kd6 {
[%emt 0:00:07]} 1/2-1/2

[Event "23rd ETCC Women 2021"]
[Site "Catez"]
[Date "2021.11.13"]
[Round "2.48"]
[White "Radikovic, Anamarija"]
[Black "Nemcova, Karin"]
[Result "0-1"]
[WhiteElo "2124"]
[BlackElo "2169"]
[Annotator "NA"]
[PlyCount "72"]
[EventDate "2021.11.08"]
[EventType "team-tourn"]
[EventCountry "SLO"]
[SourceTitle "playchess.com"]
[Source "ChessBase"]
[SourceQuality "1"]
[WhiteTeam "Croatia"]
[BlackTeam "Czech Republic"]
[WhiteTeamCountry "CRO"]
[BlackTeamCountry "CZE"]
[TimeControl "40/5400+30:1800+30"]

1. e4 {[%emt 0:00:02]} c5 {[%emt 0:00:08]} 2. Nf3 {[%emt 0:00:14]} d6 {[%emt 0:
00:07]} 3. Bb5+ {[%emt 0:00:20]} Bd7 {[%emt 0:01:38]} 4. a4 {[%emt 0:00:07]}
Nf6 {[%emt 0:00:26]} 5. Qe2 {[%emt 0:00:09]} Nc6 {[%emt 0:00:45]} 6. c3 {
[%emt 0:01:02]} a6 {[%emt 0:01:26]} 7. Bc4 {[%emt 0:00:30]} g6 {[%emt 0:05:40]}
8. h3 {[%emt 0:06:45]} Qb6 {[%emt 0:07:51]} 9. O-O {[%emt 0:10:09]} Bg7 {
[%emt 0:00:34]} 10. Rd1 {[%emt 0:18:05]} Na5 {[%emt 0:09:24]} 11. e5 {[%emt 0:
03:26]} dxe5 {[%emt 0:00:12]} 12. Nxe5 {[%emt 0:00:07]} O-O {[%emt 0:00:29]}
13. d4 {[%emt 0:01:28]} cxd4 {[%emt 0:07:15]} 14. Rxd4 {[%emt 0:08:35]} Be6 {
[%emt 0:02:27]} 15. Na3 {[%emt 0:04:32]} Rac8 {[%emt 0:09:59]} 16. Be3 {
[%emt 0:04:28]} Nxc4 {[%emt 0:02:19]} 17. Naxc4 {[%emt 0:11:13]} Qc7 {[%emt 0:
04:19]} 18. Bf4 {[%emt 0:02:05]} Nd5 {[%emt 0:02:48]} 19. Bg3 {[%emt 0:02:26]}
Qc5 {[%emt 0:03:50]} 20. Nd3 {[%emt 0:04:22]} Nxc3 {[%emt 0:02:47]} 21. bxc3 {
[%emt 0:03:10]} Bxc4 {[%emt 0:00:13]} 22. Nxc5 {[%emt 0:05:27]} Bxe2 {[%emt 0:
00:22]} 23. Re4 {[%emt 0:00:04]} Rxc5 {[%emt 0:03:30]} 24. Rxe2 {[%emt 0:00:06]
} Rxc3 {[%emt 0:02:26]} 25. Rb1 {[%emt 0:00:38]} e6 {[%emt 0:04:18]} 26. Rxb7 {
[%emt 0:01:00]} Ra3 {[%emt 0:06:21]} 27. Bd6 {[%emt 0:05:01]} Ra1+ {[%emt 0:01:
52]} 28. Kh2 {[%emt 0:00:04]} Rd8 {[%emt 0:04:38]} 29. Be7 {[%emt 0:00:14]} Rc8
{[%emt 0:00:25]} 30. Rd2 {[%emt 0:05:02]} Rxa4 {[%emt 0:03:49]} 31. Rdd7 {
[%emt 0:00:43]} Rf4 {[%emt 0:00:39]} 32. f3 {[%emt 0:02:42]} Be5 {[%emt 0:00:
54]} 33. g3 {[%emt 0:00:53]} Rxf3 {[%emt 0:00:34]} 34. Bg5 {[%emt 0:01:24]}
Rxg3 {[%emt 0:01:58]} 35. Bf6 {[%emt 0:00:31]} Rc2+ {[%emt 0:00:37]} 36. Kh1 {
[%emt 0:00:05]} Rxh3+ {[%emt 0:00:39]} 0-1